Physics through ages / (Record no. 25385)

MARC details
000 -LEADER
fixed length control field 00760nam a2200229 a 4500
005 - DATE AND TIME OF LATEST TRANSACTION
control field 20060818091510.0
008 - FIXED-LENGTH DATA ELEMENTS--GENERAL INFORMATION
fixed length control field 050907s2005 ii av 000 0 eng
010 ## - LCCN (DPL NO)
LC control number ENG-93254
020 ## - INTERNATIONAL STANDARD BOOK NUMBER
Terms of availability 143.00
035 ## - SYSTEM CONTROL NUMBER
System control number EN-76787
037 ## - SOURCE OF ACQUISITION
Source of stock number/acquisition DBAD / PUB
040 ## - CATALOGING SOURCE
Original cataloging agency dpl
Language of cataloging English
082 ## - DEWEY DECIMAL CLASSIFICATION NUMBER
Classification number 530
100 ## - MAIN ENTRY--PERSONAL NAME
Personal name Regan Maria Sundar raj, F.
245 ## - TITLE STATEMENT
Title Physics through ages /
Statement of responsibility, etc by F. Regan Maria Sundar raj
260 ## - PUBLICATION, DISTRIBUTION, ETC. (IMPRINT)
Place of publication, distribution, etc Trichy
Name of publisher, distributor, etc F. Regan Maria Sundar raj
Date of publication, distribution, etc 2007
300 ## - PHYSICAL DESCRIPTION
Extent 139p.:
Dimensions 20 cm (pbk)
500 ## - GENERAL NOTE
General note Includes references
650 ## - SUBJECT ADDED ENTRY--TOPICAL TERM
Topical term or geographic name as entry element Physics
General subdivision History.
942 ## - ADDED ENTRY ELEMENTS (KOHA)
Source of classification or shelving scheme Dewey Decimal Classification
Item type English Books
Call number suffix SUN
Classification part 530
Holdings
Withdrawn status Lost status Source of classification or shelving scheme Damaged status Not for loan Collection code Home library Current library Date acquired Source of acquisition Cost, normal purchase price Total Checkouts Full call number Barcode Date last seen Copy number Cost, replacement price Koha item type
    Dewey Decimal Classification   Not For Loan Non-fiction D.B.Act.Division D.B.Act.Division 18/03/2009 DBAD / PUB 143.00   530 SUN EN-76787 18/03/2009 1 143.00 English Books

© Delhi Public Library
Hit Counter
free hit counter